| 000 | 01214cam a22003857a 4500 | ||
|---|---|---|---|
| 003 | CHAP | ||
| 005 | 20220817043448.0 | ||
| 008 | 980819d1996 it a r 11 spa d | ||
| 010 | _a75903 | ||
| 011 | _a76875 | ||
| 020 | _a925303582X | ||
| 035 | _a86470 | ||
| 040 | _cCHAP | ||
| 082 | 0 | 4 |
_a630 _bF3Y v.112/1 |
| 110 | 2 | _aFAO | |
| 245 | 1 | 0 |
_aEquipo portátil de aplicación de pesticidas para uso en agricultura _c/por G. A. Matthews y E. W. Thronhill |
| 260 |
_aRoma : _bFAO, _c1996. |
||
| 300 |
_a151 p. : _bilus |
||
| 410 | 2 | _aFAO | |
| 490 | 0 |
_aFAO. Servicios agrícolas _v; 112/1 |
|
| 590 |
_aBATCH-UPD _b10 _c20130110 _lUCH01 _h1627 |
||
| 590 |
_aBATCH-UPD _b10 _c20130410 _lUCH01 _h1020 |
||
| 590 |
_aBATCH-UPD _b10 _c20130914 _lUCH01 _h1344 |
||
| 590 |
_aCONVERSION _b10 _c20130109 _lUCH01 _h1342 |
||
| 650 | 1 | 4 |
_aMaquinaria agrícola. _971151 |
| 650 | 1 | 4 |
_aPesticidas _xAplicación. _987539 |
| 700 | 0 |
_aMatthews, G. A. _973077 |
|
| 700 | 0 |
_aThronhill, E. W. _9113002 |
|
| 810 | 0 | _aFAO | |
| 830 | 0 | 0 |
_aFAO. Servicios agrícolas _v; 112/1 _939697 |
| 901 | _aBK | ||
| 905 | _aLilia Sánchez G. | ||
| 942 | _cLIBRO | ||
| 949 |
_a630 F3Y v.112/1 _bBC _cFAO _d33724000698387 _eFAO1 _h93593 _i86470 _kDonaciØn _sb |
||
| 999 |
_c75903 _d75903 |
||